Spécialités et options au lycée - Statistiques

Statistiques générales
  • Ce quiz a été pris 4 288 fois
    3 349 depuis la dernière actualisation
  • Le résultat moyen est 10 sur 19
Statistiques - réponses
Spécialités et options les plus choisies Réponse % Correct
1 Mathématiques
97%
4 Science de la Vie et de la Terre
94%
3 Physique-chimie
91%
2 Sciences économiques et sociales
90%
5 Histoire Géographie géopolitique et sciences politiques
89%
7 Humanité, littérature et philosophie
79%
6 Langues, littérature et cultures étrangères
77%
7 Art
65%
8 Numérique et science informatique
60%
11 Anglais Monde Contemporain
59%
6 Latin
45%
9 Science de l'ingénieur
44%
8 Grec
33%
4 Education physique et sportive
31%
5 Droit
23%
1 Maths expertes
19%
2 Maths complémentaires
18%
10 Arts plastiques
5%
3 Langue vivante C
4%
Aucun quiz correspondant
Distribution des résultats
% des personnes avec chaque résultat
Percentile par nombre de réponses
Votre historique - résultats
Vous n’avez pas pris ce quiz depuis la dernière actualisation